Palabrandar : escrituras de resistencia desde el pueblo nasa en Colombia (1970-2020) /

Bibliographic Details
Main Author: Simone Ferrari (Author)
Format: Electronic eBook
Language:Spanish
Published: Bogotá : [Milán, Italia] : Editorial Pontificia Universidad Javeriana ; Università degli Studi di Milano, [2024]
Edition:Primera edición.
Series:Colección Encuentros (Pontificia Universidad Javeriana. Doctorado en Ciencias Sociales y Humanas)
Subjects:
Online Access:Digitalia Hispánica

MARC

LEADER 00000nam a2200000Ii 4500
001 DIGEPUJ0473
003 NyNyDIG
006 m o d
007 cr |||||||||||
008 250103s2024 ck ob 000 0 spa d
035 |a (OCoLC)1484506541 
040 |a DGITA  |b eng  |e rda  |e pn  |c DGITA 
020 |a 9789587818963  |q (digital) 
020 |z 9789587818956  |q (impreso) 
024 7 |a https://doi.org/10.11144/Javeriana.9789587818963  |2 doi 
043 |a s-ck--- 
050 1 4 |a PQ8162 ebook 
100 1 |a Simone Ferrari,  |e author. 
245 1 0 |a Palabrandar :  |b escrituras de resistencia desde el pueblo nasa en Colombia (1970-2020) /  |c Simone Ferrari. 
250 |a Primera edición. 
264 1 |a Bogotá :  |b Editorial Pontificia Universidad Javeriana ;  |a [Milán, Italia] :  |b Università degli Studi di Milano,  |c [2024] 
300 |a 1 online resource. 
336 |a text  |b txt  |2 rdacontent 
337 |a computer  |b c  |2 rdamedia 
338 |a online resource  |b cr  |2 rdacarrier 
347 |a text file  |2 rdaft 
347 |b PDF 
504 |a Includes bibliographical references. 
490 1 |a Doctorado en Ciencias Sociales y Humanas : Colección Encuentros 
588 0 |a Online resource; title from PDF title page (Digitalia, viewed January 3, 2025) 
650 0 |a Indigenous peoples  |z Colombia  |x History  |y 20th century. 
650 0 |a Indigenous peoples  |z Colombia  |x History  |y 21st century. 
650 0 |a Indians in literature  |z Colombia. 
791 2 |a Digitalia (Firm),  |e distributor. 
793 0 |g Digitalia eBook Collection:  |a Pontificia Universidad Javeriana 
776 0 8 |i Print version:  |a Simone Ferrari.  |t Palabrandar.  |b Primera edición.  |d Bogotá : Editorial Pontificia Universidad Javeriana ; [Milán, Italia] : Università degli Studi di Milano, [2024]  |z 9789587818956 
830 0 |a Colección Encuentros (Pontificia Universidad Javeriana. Doctorado en Ciencias Sociales y Humanas) 
856 4 0 |3 Digitalia Hispánica  |u https://www.digitaliapublishing.com/a/169982/ 
910 |a Premium collection: 2025